Word Ladder: Turning Pattern Quiz Stats

 Plays Quiz Updated Feb 28, 2015

Challenge
Share
Tweet
Embed
Score 0/52 Timer 04:00
1 Play Today
Clue 3-Letter Word % Correct
Adult maleMAN
97.3%
HogPIG
96.8%
FelineCAT
96.7%
Frying ____PAN
96.2%
PolicemanCOP
95.6%
Flying animalBAT
94.4%
BroochPIN
93.8%
Camp bedCOT
93.1%
SackBAG
91.1%
TaxiCAB
90.1%
GratuityTIP
90%
Hog's enclosurePEN
88.8%
ApexTOP
88.7%
JumpHOP
88.5%
Bar billTAB
87.8%
ExcavateDIG
87.5%
ChartMAP
86.8%
StylishHIP
85.4%
Thick mass of hairMOP
84.9%
ImploreBEG
84.9%
LairDEN
84%
Fall behindLAG
83.4%
Cut grassMOW
83.1%
Cribbage needPEG
82%
Used piece of clothRAG
81.9%
BovineCOW
81.8%
Clue 3-Letter Word % Correct
Loud continued noiseDIN
80.1%
EquipRIG
77.1%
Male swanCOB
76.8%
HaulLUG
72%
Alcoholic liquorRUM
71.9%
ToupeeRUG
68.9%
VagrantBUM
67.2%
ExceptBUT
66.4%
SpigotTAP
64.5%
PaddleOAR
63.9%
Ewe's mateRAM
63.6%
BurgleROB
62.9%
FalsehoodFIB
62.7%
SailorTAR
61.9%
ThrongMOB
61.8%
Shirt protectorBIB
60.9%
Key ring tabFOB
59.8%
Kill with raygunZAP
59.5%
___-o'-shanterTAM
57%
UndulateBOB
53.4%
FurrowRUT
52.7%
FinkRAT
52.2%
Sharp turnZIG
49.1%
RubbishROT
49%
Sharp turnZAG
47.9%
Stable particleOAT
46.3%

Today's Daily Dose

You're not logged in!

Compare scores with friends on all Sporcle quizzes.
OR
Log In

You Might Also Like...

Show Comments

Extras

Top Quizzes Today


Score Distribution

Your Account Isn't Verified!

In order to create a playlist on Sporcle, you need to verify the email address you used during registration. Go to your Sporcle Settings to finish the process.

Report this User

Report this user for behavior that violates our Community Guidelines.

Details: